00605nam a2200157Ia 4500001000700000008004100007082001500048100004400063245011400107260008400221300001900305440000500324500000500329503001500334650009800349Z_4262220601s9999 xx 000 0 und d a581.972 A7 aArreguín Sánchez, María de la Luz aIntroducción a la flora del estado de Querétaro / por María de la Luz Arreguín Sánchez.../y otros/ aQuerétaro, Qro. : Consejo de Ciencia y Tecnología del estado de Querétaro a361 p. ; ilus. a a aDONACIÓN a1. Botánica - Querétaro I. Rodríguez Castañeda, Berta II. Yepez Basurto, MargaritaÌ